Personaggi famosi regione per regione #1 - Statistics

Statistiche generali
  • Questo quiz è stato fatto 174 volte
    158 dall'ultimo reset
  • Il punteggio medio è 10 su 20
Statistiche sulle risposte
Hint Risposta % Corretto
Dante Alighieri TOSCANA
92%
Alessandro Manzoni LOMBARDIA
86%
Giacomo Leopardi MARCHE
84%
Sergio Mattarella SICILIA
80%
Massimo Troisi CAMPANIA
76%
Alberto Sordi LAZIO
73%
Gabriele D'Annunzio ABRUZZO
59%
Laura Pausini EMILIA ROMAGNA
58%
Piero Angela PIEMONTE
54%
Gianfranco Zola SARDEGNA
53%
Beppe Grillo LIGURIA
52%
Alessandro Del Piero VENETO
47%
Loredana Berté CALABRIA
42%
Fabio Capello FRIULI VENEZIA GIULIA
35%
Renzo Arbore PUGLIA
32%
Monica Bellucci UMBRIA
31%
Giorgio Moroder TRENTINO ALTO ADIGE
29%
Antonio Di Pietro MOLISE
26%
Leonardo Sinisgalli BASILICATA
18%
Piero Chiambretti VALLE D'AOSTA
16%
Nessun quiz corrispondente trovato
Distribuzione punteggi
Percentuale di utenti per punteggio
Percentile per numero di risposta
I tuoi punteggi nel tempo
Non hai fatto questo quiz dall'ultimo reset